000
00280nam a2200109Ia 4500
008
220204s9999 xx 000 0 und d
082
_a
820SHAK
_b
SHA.6
100
_a
Shakespeare, William
245
0
_a
Works of William Shakespeare. V 6.
260
_a
New York
_b
Peebles
942
_c
BK
999
_c
35497
_d
35497